000 00306 a2200145 4500
001 161597
020 _a
040 _cMagnum
100 _aEstado de Minas
240 1 0 _aBh 100 anos - nossa historia
_lpor
245 1 0 _aBh 100 anos - nossa historia
362 0 _a1899
697 _aGERAL
942 _cBK
999 _c161597
_d161597